Práca v Európskej únii
Najviac žiadané profesie a kvalifikácie v krajinách únie. Ako si nájsť prácu v zahraničí. Uzatvorenie zmluvy. Zásady pre získanie povolenia na pobyt v krajinách EÚ. Podmienky práce a bývania vo vybraných krajinách EÚ.
Enregistré dans:
| Auteur principal: | |
|---|---|
| Format: | Chapitre de livre |
| Langue: | slovaque |
| Sujets: | |
| Tags: |
Pas de tags, Soyez le premier à ajouter un tag!
|
MARC
| LEADER | 00000naa$a2200000$$$4500 | ||
|---|---|---|---|
| 001 | 0025627 | ||
| 005 | 20231006120356.4 | ||
| 041 | 0 | |a slo | |
| 044 | |a SK | ||
| 245 | 1 | 0 | |a Práca v Európskej únii |c Ingrid Dobiášová |
| 520 | |a Najviac žiadané profesie a kvalifikácie v krajinách únie. Ako si nájsť prácu v zahraničí. Uzatvorenie zmluvy. Zásady pre získanie povolenia na pobyt v krajinách EÚ. Podmienky práce a bývania vo vybraných krajinách EÚ. | ||
| 610 | 2 | 0 | |a zamestnanie |
| 610 | 2 | 0 | |a Európska únia |
| 610 | 2 | 0 | |a pohyb síl pracovných medzinárodný |
| 610 | 2 | 0 | |a práca v zahraničí |
| 100 | 1 | |a Dobiášová, Ingrid | |